Vplyv rusko-ukrajinského konfliktu na migráciu bakalárska práca

Saved in:
Bibliographic Details
Main Author: Pekárová, Lívia
Corporate Author: Fakulta medzinárodných vzťahov EU. Katedra medzinárodných ekonomických vzťahov a hospodárskej diplomacie
Other Authors: Kochajdová, Monika, 1993-
Format: Book
Language:Slovak
Published: Bratislava 2021
Tags: Add Tag
No Tags, Be the first to tag this record!

MARC

LEADER 00000nbm a2200000 4500
001 0275425
005 20220222103040.5
041 0 |a slo 
044 |a SK 
245 1 0 |a Vplyv rusko-ukrajinského konfliktu na migráciu  |b bakalárska práca  |c Lívia Pekárová ; školiteľ: Monika Kochajdová 
264 1 |a Bratislava  |c 2021 
300 |a 46 s. 
100 1 |a Pekárová, Lívia 
700 1 |a Kochajdová, Monika, 1993- 
710 2 |a Fakulta medzinárodných vzťahov EU. Katedra medzinárodných ekonomických vzťahov a hospodárskej diplomacie